|
|
|
|
| LEADER |
00934nam a2200241 a 4500 |
| 001 |
c000387835 |
| 003 |
CARM |
| 005 |
20211130072808.0 |
| 008 |
870401s1938 enk 00000 eng d |
| 019 |
1 |
|
|a 6520788
|5 LACONCORD2021
|
| 035 |
|
|
|a (OCoLC)26679130
|5 LACONCORD2021
|
| 040 |
|
|
|a VDU
|c VDU
|
| 082 |
0 |
4 |
|a 914.20381
|
| 100 |
1 |
|
|a Tickell, Jerrard.
|
| 245 |
1 |
0 |
|a Gentlewomen aim to please /
|c Edited from Victorian manuals of etiquette by Jerrard Tickell ; Nicolas Bentley drew the pictures.
|
| 260 |
|
|
|a London :
|b Routledge,
|c [1938]
|
| 300 |
|
|
|a 1 v. :
|b illus.
|
| 650 |
|
0 |
|a Etiquette.
|
| 651 |
|
0 |
|a Great Britain
|x Social life and customs
|y 19th century.
|
| 700 |
1 |
|
|a Bentley, Nicolas,
|d 1907-
|
| 852 |
8 |
|
|b CARM
|h A3:AD17G0
|i A05579
|p 0476709
|f BK
|
| 999 |
f |
f |
|i 2dd5e431-1423-5002-9452-369d58a57368
|s 5147b0bd-c673-5281-8885-9ee9319b00e2
|
| 952 |
f |
f |
|p Can circulate
|a CAVAL
|b CAVAL
|c CAVAL
|d CARM 1 Store
|e A05579
|f A3:AD17G0
|h Other scheme
|i book
|m 0476709
|